[Event "Team men PL"]
[Site "Sochi"]
[Date "2020.11.19"]
[Round "1.26"]
[White "Kardashevskiy, Evgeny"]
[Black "Dreev, Aleksey"]
[Result "0-1"]
[BlackElo "2655"]
[WhiteElo "2436"]
[LiveChessVersion "1.4.8"]

1. d4 {[%clk 1:30:52]} Nf6 {[%clk 1:30:57]} 2. Nf3 {[%clk 1:31:12]} e6
{[%clk 1:31:16]} 3. c4 {[%clk 1:31:00]} Bb4+ {[%clk 1:31:39]} 4. Nbd2
{[%clk 1:30:33]} b6 {[%clk 1:31:28]} 5. a3 {[%clk 1:30:15]} Bxd2+
{[%clk 1:31:51]} 6. Qxd2 {[%clk 1:30:23]} Bb7 {[%clk 1:32:07]} 7. e3
{[%clk 1:30:18]} a5 {[%clk 1:32:11]} 8. b3 {[%clk 1:30:20]} O-O {[%clk 1:32:05]}
9. Be2 {[%clk 1:29:44]} d6 {[%clk 1:32:18]} 10. Bb2 {[%clk 1:27:11]} Nbd7
{[%clk 1:32:32]} 11. O-O {[%clk 1:26:56]} Qe7 {[%clk 1:32:54]} 12. Qc2
{[%clk 1:26:34]} c5 {[%clk 1:32:19]} 13. Rfd1 {[%clk 1:24:52]} Rfd8
{[%clk 1:32:38]} 14. Rac1 {[%clk 1:10:36]} Rac8 {[%clk 1:31:26]} 15. Qb1
{[%clk 1:09:48]} h6 {[%clk 1:27:51]} 16. Ba1 {[%clk 1:07:50]} Be4
{[%clk 1:05:11]} 17. Qb2 {[%clk 1:06:57]} Bg6 {[%clk 1:05:27]} 18. h3
{[%clk 1:03:14]} Bh5 {[%clk 0:56:45]} 19. Rc2 {[%clk 0:56:59]} Qf8
{[%clk 0:53:56]} 20. Ne1 {[%clk 0:51:06]} Bxe2 {[%clk 0:51:22]} 21. Rxe2
{[%clk 0:51:28]} a4 {[%clk 0:49:07]} 22. bxa4 {[%clk 0:43:02]} cxd4
{[%clk 0:46:25]} 23. Qxd4 {[%clk 0:41:00]} Rc6 {[%clk 0:44:01]} 24. Bc3
{[%clk 0:17:31]} Ne5 {[%clk 0:32:34]} 25. Bb4 {[%clk 0:13:50]} Rxc4
{[%clk 0:31:44]} 26. Qxb6 {[%clk 0:12:41]} Nd5 {[%clk 0:31:40]} 27. Qa6
{[%clk 0:10:46]} Ra8 {[%clk 0:25:39]} 28. Qxd6 {[%clk 0:05:52]} Qxd6
{[%clk 0:25:25]} 29. Bxd6 {[%clk 0:06:18]} Nc3 {[%clk 0:25:47]} 30. Bxe5
{[%clk 0:06:37]} Nxd1 {[%clk 0:23:40]} 31. Rd2 {[%clk 0:04:42]} Nc3
{[%clk 0:22:18]} 32. Rc2 {[%clk 0:04:00]} Rac8 {[%clk 0:22:27]} 33. a5
{[%clk 0:04:17]} f6 {[%clk 0:16:36]} 34. Bd6 {[%clk 0:03:35]} Nb5
{[%clk 0:13:15]} 35. Rxc4 {[%clk 0:03:58]} Rxc4 {[%clk 0:13:41]} 36. Bb4
{[%clk 0:04:17]} Kf7 {[%clk 0:08:23]} 37. Kf1 {[%clk 0:04:05]} e5
{[%clk 0:04:18]} 38. Ke2 {[%clk 0:03:53]} Ke6 {[%clk 0:04:39]} 39. Kd3
{[%clk 0:02:54]} Kd5 {[%clk 0:02:35]} 40. Nc2 {[%clk 0:30:50]} e4+
{[%clk 0:31:39]} 41. Kd2 {[%clk 0:29:38]} Rc8 {[%clk 0:31:40]} 42. a4
{[%clk 0:25:16]} Nc7 {[%clk 0:26:27]} 43. Nd4 {[%clk 0:23:21]} Na6
{[%clk 0:26:28]} 44. Ba3 {[%clk 0:18:59]} g6 {[%clk 0:22:49]} 45. g4
{[%clk 0:17:43]} Rc4 {[%clk 0:17:09]} 46. Bf8 {[%clk 0:07:26]} Rxa4
{[%clk 0:14:42]} 47. h4 {[%clk 0:06:48]} h5 {[%clk 0:12:46]} 48. gxh5
{[%clk 0:07:08]} gxh5 {[%clk 0:13:07]} 49. Ne2 {[%clk 0:06:54]} Ke6
{[%clk 0:09:03]} 50. Ng3 {[%clk 0:06:23]} Kf7 {[%clk 0:07:55]} 51. Bd6
{[%clk 0:05:58]} Kg6 {[%clk 0:08:07]} 52. Ke1 {[%clk 0:06:03]} Ra1+
{[%clk 0:07:30]} 53. Ke2 {[%clk 0:03:02]} f5 {[%clk 0:07:43]} 54. Be7
{[%clk 0:03:18]} Rxa5 {[%clk 0:05:57]} 55. Kf1 {[%clk 0:03:27]} Ra1+
{[%clk 0:05:38]} 56. Kg2 {[%clk 0:03:32]} Ra2 {[%clk 0:05:52]} 57. Kf1
{[%clk 0:03:07]} Ra1+ {[%clk 0:04:34]} 58. Kg2 {[%clk 0:03:29]} Re1
{[%clk 0:04:54]} 59. Bd6 {[%clk 0:03:37]} Rd1 {[%clk 0:05:17]} 60. Be7
{[%clk 0:03:35]} Rd7 {[%clk 0:05:02]} 61. Ba3 {[%clk 0:02:58]} Nc7
{[%clk 0:04:34]} 62. Ne2 {[%clk 0:02:57]} Ne6 {[%clk 0:04:33]} 63. Bb4
{[%clk 0:02:59]} Rd1 {[%clk 0:02:07]} 64. Bc3 {[%clk 0:02:28]} f4
{[%clk 0:01:29]} 65. exf4 {[%clk 0:01:58]} Rd3 {[%clk 0:01:17]} 66. Be5
{[%clk 0:02:00]} Rf3 {[%clk 0:01:36]} 67. Bd6 {[%clk 0:00:42]} Ng7
{[%clk 0:01:42]} 68. Be7 {[%clk 0:00:51]} Nf5 {[%clk 0:01:51]} 69. Bg5
{[%clk 0:01:09]} Rd3 {[%clk 0:01:55]} 70. Kf1 {[%clk 0:01:03]} Kf7
{[%clk 0:01:32]} 71. Kg2 {[%clk 0:00:55]} Ke6 {[%clk 0:01:57]} 72. Kf1
{[%clk 0:01:15]} Ra3 {[%clk 0:01:03]} 73. Kg2 {[%clk 0:01:04]} Rb3
{[%clk 0:01:11]} 74. Kf1 {[%clk 0:01:16]} Rb2 {[%clk 0:01:17]} 75. Nc3
{[%clk 0:01:17]} e3 {[%clk 0:01:19]} 76. fxe3 {[%clk 0:01:16]} Nxe3+
{[%clk 0:01:44]} 77. Ke1 {[%clk 0:00:49]} Kf5 {[%clk 0:02:04]} 78. Ne2
{[%clk 0:01:02]} Kg4 {[%clk 0:02:11]} 79. Bf6 {[%clk 0:00:55]} Ra2
{[%clk 0:01:58]} 80. Nc3 {[%clk 0:00:33]} Rc2 {[%clk 0:02:02]} 81. Ne2
{[%clk 0:00:31]} Ng2+ {[%clk 0:01:48]} 82. Kd1 {[%clk 0:00:42]} Rc6
{[%clk 0:01:52]} 83. Be5 {[%clk 0:00:54]} Nxh4 {[%clk 0:01:44]} 84. Nd4
{[%clk 0:01:19]} Rc8 {[%clk 0:01:38]} 85. Ke2 {[%clk 0:00:33]} Ng6
{[%clk 0:02:01]} 86. Ke3 {[%clk 0:00:37]} Nxf4 {[%clk 0:01:59]} 87. Nf3
{[%clk 0:00:34]} Re8 {[%clk 0:01:49]} 88. Ke4 {[%clk 0:00:47]} Ng6
{[%clk 0:02:02]} 89. Nh2+ {[%clk 0:01:09]} Kh3 {[%clk 0:02:23]} 0-1

[Event "Team men PL"]
[Site "Sochi"]
[Date "2020.11.20"]
[Round "2.1"]
[White "Vitiugov, Nikita"]
[Black "Triapishko, Alexandr"]
[Result "1/2-1/2"]
[BlackElo "2506"]
[WhiteElo "2722"]
[LiveChessVersion "1.4.8"]

1.e4 {[%clk 1:30:31]} c6 {[%clk 1:30:34]} 2.d4 {[%clk 1:30:51]}
d5 {[%clk 1:30:59]} 3.e5 {[%clk 1:30:36]} Bf5 {[%clk 1:31:22]}
4.Nc3 {[%clk 1:30:41]} e6 {[%clk 1:31:36]} 5.g4 {[%clk 1:30:19]}
Bg6 {[%clk 1:31:59]} 6.Nge2 {[%clk 1:30:43]} c5 {[%clk 1:32:04]}
7.h4 {[%clk 1:31:05]} h5 {[%clk 1:31:58]} 8.Nf4 {[%clk 1:31:27]}
cxd4 {[%clk 1:31:51]} 9.Nxg6 {[%clk 1:30:12]} fxg6 {[%clk 1:29:10]}
10.Ne2 {[%clk 1:29:52]} Qc7 {[%clk 1:29:26]} 11.Nxd4 {[%clk 1:17:01]}
Qxe5+ {[%clk 1:28:41]} 12.Be3 {[%clk 1:16:58]} Nc6 {[%clk 1:27:34]}
13.Bb5 {[%clk 1:15:24]} a6 {[%clk 1:23:42]} 14.Bxc6+ {[%clk 1:09:48]}
bxc6 {[%clk 1:24:04]} 15.Qd3 {[%clk 1:08:47]} c5 {[%clk 0:39:45]}
16.Nf3 {[%clk 0:57:30]} Qe4 {[%clk 0:15:47]} 17.Qxe4 {[%clk 0:55:06]}
dxe4 {[%clk 0:12:39]} 18.Ng5 {[%clk 0:46:24]} hxg4 {[%clk 0:09:03]}
19.Nxe6 {[%clk 0:46:48]} Rc8 {[%clk 0:09:16]} 20.Nxf8 {[%clk 0:40:21]}
Kxf8 {[%clk 0:09:35]} 21.O-O-O {[%clk 0:40:45]} Ke7 {[%clk 0:04:09]}
22.Rd5 {[%clk 0:39:24]} Rh5 {[%clk 0:03:14]} 23.Bg5+ {[%clk 0:39:21]}
Nf6 {[%clk 0:03:36]} 24.Rhd1 {[%clk 0:39:31]} Kf7 {[%clk 0:03:03]}
25.Rd6 {[%clk 0:36:16]} Nh7 {[%clk 0:01:33]} 26.Be3 {[%clk 0:35:19]}
Nf6 {[%clk 0:01:27]} 27.Rxa6 {[%clk 0:35:16]} Rxh4 {[%clk 0:01:48]}
28.Ra7+ {[%clk 0:33:41]} Ke6 {[%clk 0:00:36]} 29.Rxg7 {[%clk 0:33:21]}
g3 {[%clk 0:00:56]} 30.Rxg6 {[%clk 0:15:54]} Rg4 {[%clk 0:01:22]}
31.Rh6 {[%clk 0:16:18]} g2 {[%clk 0:01:11]} 32.Rg1 {[%clk 0:16:46]}
Kf5 {[%clk 0:00:41]} 33.Rh2 {[%clk 0:17:02]} Rcg8 {[%clk 0:00:55]}
34.Bxc5 {[%clk 0:17:26]} Nd5 {[%clk 0:00:32]} 35.Be3 {[%clk 0:12:29]}
Ke5 {[%clk 0:00:33]} 36.a4 {[%clk 0:12:06]} Ne7 {[%clk 0:00:36]}
37.a5 {[%clk 0:02:17]} Nf5 {[%clk 0:01:03]} 38.a6 {[%clk 0:02:21]}
Nh4 {[%clk 0:00:57]} 39.b4 {[%clk 0:02:17]} Nf3 {[%clk 0:00:32]}
40.Rgxg2 {[%clk 0:31:05]} Rxg2 {[%clk 0:30:35]} 41.Rxg2 {[%clk 0:27:36]}
Rxg2 {[%clk 0:29:27]} 42.b5 {[%clk 0:28:02]} Kd5 {[%clk 0:12:43]}
43.b6 {[%clk 0:12:08]} Kc6 {[%clk 0:10:51]} 44.b7 {[%clk 0:12:30]}
Rg8 {[%clk 0:10:03]} 45.Bf4 {[%clk 0:10:48]} Kb6 {[%clk 0:09:58]}
46.b8Q+ {[%clk 0:11:10]} Rxb8 {[%clk 0:10:24]} 47.Bxb8 {[%clk 0:11:35]}
Kxa6 {[%clk 0:10:42]} 48.c4 {[%clk 0:10:26]} Kb7 {[%clk 0:04:48]}
49.Bf4 {[%clk 0:10:18]} Kc6 {[%clk 0:03:27]} 50.Kb2 {[%clk 0:10:36]}
Nd4 {[%clk 0:03:33]} 51.Be3 {[%clk 0:10:51]} Nf5 {[%clk 0:03:10]}
52.Kc3 {[%clk 0:11:14]} Kd6 {[%clk 0:03:13]} 53.Kb4 {[%clk 0:11:31]}
Kc6 {[%clk 0:03:25]} 54.Bg5 {[%clk 0:11:26]} Nd4 {[%clk 0:02:58]}
55.Bf4 {[%clk 0:10:38]} Nf5 {[%clk 0:02:59]} 56.Be3 {[%clk 0:10:52]}
Ne7 {[%clk 0:02:49]} 57.Bd4 {[%clk 0:08:56]} Nf5 {[%clk 0:02:51]}
58.Bc5 {[%clk 0:09:21]} Ng7 {[%clk 0:02:35]} 59.Bd4 {[%clk 0:08:45]}
Nf5 {[%clk 0:02:53]} 60.Be3 {[%clk 0:08:48]} Ne7 {[%clk 0:02:49]}
61.Bd4 {[%clk 0:07:16]} Nf5 1/2-1/2

[Event "Team men PL"]
[Site "Sochi"]
[Date "2020.11.20"]
[Round "2.5"]
[White "Goganov, Aleksey"]
[Black "Alexeev, Alexey"]
[Result "1-0"]
[BlackElo "2246"]
[WhiteElo "2602"]
[LiveChessVersion "1.4.8"]

1.d4 {[%clk 1:30:57]} d5 {[%clk 1:30:49]} 2.c4 {[%clk 1:31:21]}
c6 {[%clk 1:31:14]} 3.Nf3 {[%clk 1:31:39]} Nf6 {[%clk 1:31:37]}
4.Nc3 {[%clk 1:32:05]} e6 {[%clk 1:31:40]} 5.Bg5 {[%clk 1:30:47]}
dxc4 {[%clk 1:31:04]} 6.e4 {[%clk 1:31:04]} b5 {[%clk 1:31:17]}
7.e5 {[%clk 1:31:23]} h6 {[%clk 1:31:31]} 8.Bh4 {[%clk 1:31:46]}
g5 {[%clk 1:31:24]} 9.Nxg5 {[%clk 1:31:50]} hxg5 {[%clk 1:31:35]}
10.Bxg5 {[%clk 1:32:16]} Nbd7 {[%clk 1:31:55]} 11.g3 {[%clk 1:31:39]}
Qb6 {[%clk 1:31:57]} 12.exf6 {[%clk 1:32:03]} Bb7 {[%clk 1:32:02]}
13.Bg2 {[%clk 1:32:27]} O-O-O {[%clk 1:31:28]} 14.O-O {[%clk 1:32:51]}
c5 {[%clk 1:30:49]} 15.d5 {[%clk 1:33:15]} b4 {[%clk 1:28:16]}
16.Rb1 {[%clk 1:27:55]} Qa6 {[%clk 1:27:26]} 17.dxe6 {[%clk 1:20:37]}
Bxg2 {[%clk 1:23:38]} 18.e7 {[%clk 1:20:24]} Bxe7 {[%clk 1:15:11]}
19.fxe7 {[%clk 1:20:39]} Rdg8 {[%clk 1:15:32]} 20.Kxg2 {[%clk 1:16:37]}
Qe6 {[%clk 0:59:31]} 21.h4 {[%clk 1:05:40]} f6 {[%clk 0:45:15]}
22.Re1 {[%clk 1:03:53]} Qc6+ {[%clk 0:37:44]} 23.Qd5 {[%clk 1:04:13]}
Kb7 {[%clk 0:30:31]} 24.Qxc6+ {[%clk 1:04:29]} Kxc6 {[%clk 0:30:54]}
25.Re6+ {[%clk 1:04:55]} Kb7 {[%clk 0:31:02]} 26.Ne4 {[%clk 1:05:10]}
fxg5 {[%clk 0:31:16]} 27.e8Q {[%clk 1:05:24]} 1-0

[Event "Team men PL"]
[Site "Sochi"]
[Date "2020.11.20"]
[Round "2.7"]
[White "Najer, Evgeniy"]
[Black "Andreikin, Dmitry"]
[Result "1/2-1/2"]
[BlackElo "2726"]
[WhiteElo "2648"]
[LiveChessVersion "1.4.8"]

1.e4 {[%clk 1:30:57]} e5 {[%clk 1:30:50]} 2.Nf3 {[%clk 1:31:18]}
Nf6 {[%clk 1:31:15]} 3.d4 {[%clk 1:30:06]} Nxe4 {[%clk 1:31:27]}
4.dxe5 {[%clk 1:30:29]} d5 {[%clk 1:31:43]} 5.Nbd2 {[%clk 1:30:08]}
Nxd2 {[%clk 1:32:05]} 6.Bxd2 {[%clk 1:30:16]} h6 {[%clk 1:31:55]}
7.b4 {[%clk 1:28:13]} c5 {[%clk 1:30:55]} 8.Bb5+ {[%clk 1:17:21]}
Nc6 {[%clk 1:23:33]} 9.O-O {[%clk 1:12:02]} Be7 {[%clk 1:13:17]}
10.bxc5 {[%clk 1:07:50]} Bxc5 {[%clk 1:13:34]} 11.Rb1 {[%clk 1:03:10]}
O-O {[%clk 1:12:58]} 12.Re1 {[%clk 0:59:14]} Bg4 {[%clk 1:06:38]}
13.h3 {[%clk 0:34:11]} Bh5 {[%clk 1:06:57]} 14.Bd3 {[%clk 0:34:36]}
b6 {[%clk 1:07:10]} 15.Bf5 {[%clk 0:30:02]} Nd4 {[%clk 1:00:56]}
16.Bg4 {[%clk 0:29:47]} Bxg4 {[%clk 1:01:21]} 17.hxg4 {[%clk 0:30:14]}
Ne6 {[%clk 1:01:47]} 18.Rb3 {[%clk 0:29:04]} Rc8 {[%clk 0:55:09]}
19.Rd3 {[%clk 0:28:56]} d4 {[%clk 0:54:32]} 20.Nh2 {[%clk 0:18:33]}
Be7 {[%clk 0:45:30]} 21.Nf3 {[%clk 0:16:31]} Qd5 {[%clk 0:36:00]}
22.Nxd4 {[%clk 0:16:04]} Nxd4 {[%clk 0:34:35]} 23.c3 {[%clk 0:15:27]}
Ne2+ {[%clk 0:27:57]} 24.Qxe2 {[%clk 0:15:53]} Qxa2 {[%clk 0:28:22]}
25.Rd7 {[%clk 0:14:21]} Bc5 {[%clk 0:22:17]} 26.Be3 {[%clk 0:13:21]}
Qe6 {[%clk 0:15:18]} 27.Rxa7 {[%clk 0:12:55]} Qxe5 {[%clk 0:15:34]}
28.Bxc5 {[%clk 0:12:42]} Qxc5 {[%clk 0:15:47]} 29.Rb7 {[%clk 0:11:14]}
Qc6 {[%clk 0:14:58]} 30.Qf3 {[%clk 0:09:34]} Qxf3 {[%clk 0:14:45]}
31.gxf3 {[%clk 0:10:01]} Rxc3 {[%clk 0:15:06]} 32.Kg2 {[%clk 0:10:22]}
Rb3 {[%clk 0:14:19]} 33.Rd1 {[%clk 0:08:40]} Rb4 {[%clk 0:12:27]}
34.Rd6 {[%clk 0:08:43]} Rc8 {[%clk 0:12:28]} 35.Rdxb6 {[%clk 0:08:55]}
Rxb6 {[%clk 0:12:52]} 36.Rxb6 {[%clk 0:09:23]} g6 {[%clk 0:13:09]}
37.Kg3 {[%clk 0:09:37]} Rc3 {[%clk 0:13:25]} 38.Ra6 {[%clk 0:09:46]}
Kg7 {[%clk 0:13:48]} 39.Rb6 {[%clk 0:10:12]} Rd3 {[%clk 0:14:08]}
40.Ra6 {[%clk 0:40:38]} Rc3 {[%clk 0:44:34]} 41.Rb6 {[%clk 0:41:03]} 1/2-1/2

[Event "Team men PL"]
[Site "Sochi"]
[Date "2020.11.20"]
[Round "2.8"]
[White "Dreev, Aleksey"]
[Black "Malakhov, Vladimir"]
[Result "1/2-1/2"]
[BlackElo "2676"]
[WhiteElo "2655"]
[LiveChessVersion "1.4.8"]

1.d4 {[%clk 1:30:57]} d5 {[%clk 1:30:48]} 2.c4 {[%clk 1:31:18]}
c6 {[%clk 1:31:08]} 3.Nf3 {[%clk 1:31:39]} Nf6 {[%clk 1:31:30]}
4.e3 {[%clk 1:31:55]} Bf5 {[%clk 1:31:43]} 5.Nc3 {[%clk 1:31:41]}
a6 {[%clk 1:30:45]} 6.Ne5 {[%clk 1:31:16]} Nbd7 {[%clk 1:30:39]}
7.Qb3 {[%clk 1:31:05]} Qc7 {[%clk 1:30:49]} 8.cxd5 {[%clk 1:30:35]}
Nxe5 {[%clk 1:31:09]} 9.dxe5 {[%clk 1:30:50]} Nxd5 {[%clk 1:31:33]}
10.Nxd5 {[%clk 1:30:45]} cxd5 {[%clk 1:31:56]} 11.Bd2 {[%clk 1:30:32]}
Qxe5 {[%clk 1:28:52]} 12.Rc1 {[%clk 1:27:36]} Bd7 {[%clk 1:27:51]}
13.Qb6 {[%clk 1:26:53]} Qd6 {[%clk 1:25:13]} 14.Qxb7 {[%clk 1:25:10]}
Rb8 {[%clk 1:25:24]} 15.Qa7 {[%clk 1:25:14]} Rxb2 {[%clk 1:25:39]}
16.Bxa6 {[%clk 1:24:05]} f6 {[%clk 1:25:31]} 17.a4 {[%clk 1:22:44]}
Bxa4 {[%clk 1:24:25]} 18.Bc3 {[%clk 1:21:15]} Rb3 {[%clk 1:16:52]}
19.O-O {[%clk 1:17:13]} Qb8 {[%clk 1:16:24]} 20.Qd4 {[%clk 1:16:49]}
Bb5 {[%clk 1:16:34]} 21.Qxd5 {[%clk 1:16:42]} Bxa6 {[%clk 1:16:58]}
22.Qc6+ {[%clk 1:17:03]} Kf7 {[%clk 1:17:21]} 23.Qxa6 {[%clk 1:17:28]}
e6 {[%clk 1:17:11]} 24.Bd4 {[%clk 1:16:38]} Ba3 {[%clk 1:15:14]}
25.Ra1 {[%clk 1:16:06]} Be7 {[%clk 1:15:38]} 26.Rfc1 {[%clk 1:16:12]}
Qb5 {[%clk 1:15:33]} 27.Qxb5 {[%clk 1:16:01]} Rxb5 {[%clk 1:15:57]}
28.Ra7 {[%clk 1:15:23]} Rhb8 {[%clk 1:16:08]} 29.f4 {[%clk 1:15:08]}
R8b7 {[%clk 1:16:17]} 30.Rc7 {[%clk 1:14:55]} Rxc7 {[%clk 1:11:15]}
31.Rxc7 {[%clk 1:15:17]} e5 {[%clk 1:08:19]} 32.fxe5 {[%clk 1:15:40]}
fxe5 {[%clk 1:08:46]} 33.Bc3 {[%clk 1:15:51]} Rc5 {[%clk 1:08:10]}
34.Rxc5 {[%clk 1:16:03]} Bxc5 {[%clk 1:08:34]} 35.Bxe5 {[%clk 1:16:30]}
Bxe3+ {[%clk 1:08:59]} 36.Kf1 {[%clk 1:16:57]} g6 {[%clk 1:09:24]}
37.Ke2 {[%clk 1:17:23]} Bb6 {[%clk 1:09:49]} 38.Kf3 {[%clk 1:17:48]}
Ke6 {[%clk 1:10:15]} 39.Bf4 {[%clk 1:18:08]} Ba7 {[%clk 1:10:40]}
40.h3 {[%clk 1:48:34]} Bb6 {[%clk 1:41:06]} 41.g4 {[%clk 1:48:54]} 1/2-1/2

[Event "Team men PL"]
[Site "Sochi"]
[Date "2020.11.20"]
[Round "2.9"]
[White "Predke, Alexandr"]
[Black "Rublevsky, Sergei"]
[Result "1-0"]
[BlackElo "2653"]
[WhiteElo "2696"]
[LiveChessVersion "1.4.8"]

1.d4 {[%clk 1:30:55]} d5 {[%clk 1:30:55]} 2.c4 {[%clk 1:31:20]}
c6 {[%clk 1:31:22]} 3.Nf3 {[%clk 1:31:41]} Nf6 {[%clk 1:31:49]}
4.g3 {[%clk 1:30:23]} Bg4 {[%clk 1:31:50]} 5.Ne5 {[%clk 1:30:47]}
Bf5 {[%clk 1:32:02]} 6.Qb3 {[%clk 1:31:12]} Qb6 {[%clk 1:30:31]}
7.cxd5 {[%clk 1:31:26]} Qxb3 {[%clk 1:28:59]} 8.axb3 {[%clk 1:30:24]}
Nxd5 {[%clk 1:29:21]} 9.Bg2 {[%clk 1:30:42]} Nb4 {[%clk 1:25:41]}
10.O-O {[%clk 1:30:13]} f6 {[%clk 1:23:56]} 11.Nc4 {[%clk 1:30:21]}
Nd7 {[%clk 1:08:37]} 12.Nba3 {[%clk 1:29:44]} e6 {[%clk 0:56:49]}
13.Bf4 {[%clk 1:28:18]} Kf7 {[%clk 0:45:46]} 14.Nd6+ {[%clk 0:39:31]}
Bxd6 {[%clk 0:46:00]} 15.Bxd6 {[%clk 0:39:57]} Nc2 {[%clk 0:43:08]}
16.Nxc2 {[%clk 0:35:31]} Bxc2 {[%clk 0:43:30]} 17.b4 {[%clk 0:35:59]}
a6 {[%clk 0:22:36]} 18.Rfc1 {[%clk 0:36:23]} Bg6 {[%clk 0:23:00]}
19.e4 {[%clk 0:36:38]} Rhc8 {[%clk 0:21:42]} 20.d5 {[%clk 0:35:27]}
e5 {[%clk 0:21:35]} 21.dxc6 {[%clk 0:19:29]} Rxc6 {[%clk 0:19:59]}
22.Rxc6 {[%clk 0:19:54]} bxc6 {[%clk 0:20:26]} 23.f3 {[%clk 0:20:20]}
f5 {[%clk 0:09:59]} 24.exf5 {[%clk 0:20:34]} Bxf5 {[%clk 0:10:27]}
25.Rc1 {[%clk 0:20:25]} Ke6 {[%clk 0:07:50]} 26.Bc7 {[%clk 0:20:46]}
Kd5 {[%clk 0:04:54]} 27.Rd1+ {[%clk 0:14:19]} Kc4 {[%clk 0:05:11]}
28.Rd6 {[%clk 0:14:46]} Kxb4 {[%clk 0:03:29]} 29.g4 {[%clk 0:14:18]}
Ra7 {[%clk 0:03:24]} 30.Rxc6 {[%clk 0:14:44]} Bd3 31.Rc3 {[%clk 0:15:10]}
Bc4 {[%clk 0:01:58]} 32.Bd6+ {[%clk 0:13:29]} Kb5 {[%clk 0:02:27]}
33.g5 {[%clk 0:12:46]} a5 {[%clk 0:02:21]} 34.f4 {[%clk 0:06:22]}
exf4 {[%clk 0:02:25]} 35.b3 {[%clk 0:06:06]} Be6 {[%clk 0:01:17]}
36.Bf1+ {[%clk 0:06:03]} Kb6 {[%clk 0:01:43]} 37.Bxf4 {[%clk 0:06:29]}
Nc5 {[%clk 0:00:35]} 38.Rxc5 {[%clk 0:06:48]} Kxc5 {[%clk 0:00:52]}
39.Be3+ {[%clk 0:07:14]} Kd6 {[%clk 0:00:41]} 40.Bxa7 {[%clk 0:37:39]}
Bxb3 {[%clk 0:30:59]} 41.Bd4 {[%clk 0:36:49]} g6 {[%clk 0:31:16]}
42.Kf2 {[%clk 0:35:24]} Ke6 {[%clk 0:28:51]} 43.Bh3+ {[%clk 0:34:00]}
Kf7 {[%clk 0:29:14]} 44.Ke3 {[%clk 0:33:47]} a4 {[%clk 0:29:35]}
45.Bb2 {[%clk 0:33:54]} Bc2 {[%clk 0:29:04]} 46.Kf4 {[%clk 0:32:55]}
Bb3 {[%clk 0:29:19]} 47.Ke5 {[%clk 0:32:25]} Ke7 {[%clk 0:28:59]}
48.Bg2 {[%clk 0:32:04]} Kf7 {[%clk 0:27:14]} 49.Bd5+ {[%clk 0:30:35]}
Kf8 {[%clk 0:27:33]} 50.Bxb3 {[%clk 0:30:26]} axb3 {[%clk 0:27:58]}
51.Kf6 {[%clk 0:30:42]} Kg8 {[%clk 0:28:23]} 52.h3 {[%clk 0:30:34]}
Kf8 {[%clk 0:28:46]} 53.h4 {[%clk 0:30:51]} Kg8 {[%clk 0:29:11]}
54.Ke7 {[%clk 0:31:16]} h6 {[%clk 0:29:36]} 55.Kf6 {[%clk 0:31:33]} 1-0

[Event "Team men PL"]
[Site "Sochi"]
[Date "2020.11.20"]
[Round "2.10"]
[White "Zvjaginsev, Vadim"]
[Black "Esipenko, Andrey"]
[Result "1/2-1/2"]
[BlackElo "2683"]
[WhiteElo "2602"]
[LiveChessVersion "1.4.8"]

1.Nf3 {[%clk 1:30:54]} d5 {[%clk 1:30:35]} 2.c4 {[%clk 1:31:13]}
e6 {[%clk 1:29:49]} 3.d4 {[%clk 1:30:17]} Nf6 {[%clk 1:29:34]}
4.Nc3 {[%clk 1:30:36]} Bb4 {[%clk 1:27:30]} 5.Bg5 {[%clk 1:29:29]}
h6 {[%clk 1:27:37]} 6.Bxf6 {[%clk 1:29:18]} Qxf6 {[%clk 1:27:59]}
7.e3 {[%clk 1:27:56]} O-O {[%clk 1:28:07]} 8.Rc1 {[%clk 1:27:31]}
dxc4 {[%clk 1:27:40]} 9.Bxc4 {[%clk 1:26:58]} c5 {[%clk 1:28:03]}
10.O-O {[%clk 1:25:08]} cxd4 {[%clk 1:28:17]} 11.Nxd4 {[%clk 1:23:28]}
Bd7 {[%clk 1:26:06]} 12.Qb3 {[%clk 1:19:00]} Nc6 {[%clk 1:23:00]}
13.Nxc6 {[%clk 1:16:20]} Bxc3 {[%clk 1:23:09]} 14.Qxc3 {[%clk 1:12:32]}
Bxc6 {[%clk 1:23:24]} 15.Qxf6 {[%clk 1:12:51]} gxf6 {[%clk 1:23:49]}
16.Rfd1 {[%clk 1:13:11]} Rfd8 {[%clk 1:23:15]} 17.f3 {[%clk 1:12:17]}
f5 {[%clk 1:23:21]} 18.Kf2 {[%clk 1:09:09]} Kg7 {[%clk 1:23:11]}
19.Bb3 {[%clk 1:06:05]} Kf6 {[%clk 1:17:48]} 20.Rxd8 {[%clk 1:03:21]}
Rxd8 {[%clk 1:18:12]} 21.Rd1 {[%clk 1:03:41]} Rc8 {[%clk 1:17:36]}
22.Rc1 {[%clk 1:01:38]} Rd8 {[%clk 1:17:55]} 23.Rd1 {[%clk 1:01:09]}
Rc8 {[%clk 1:18:16]} 24.Rc1 {[%clk 0:57:31]} Rd8 {[%clk 1:18:16]}
25.Rd1 {[%clk 0:57:27]} Rc8 {[%clk 1:18:39]} 26.Rc1 {[%clk 0:57:38]}
Rd8 {[%clk 1:19:02]} 27.Rd1 {[%clk 0:57:48]} Rc8 {[%clk 1:19:22]}
28.Rc1 {[%clk 0:58:10]} 1/2-1/2

[Event "Team men PL"]
[Site "Sochi"]
[Date "2020.11.20"]
[Round "2.11"]
[White "Inarkiev, Ernesto"]
[Black "Potkin, Vladimir"]
[Result "1/2-1/2"]
[BlackElo "2583"]
[WhiteElo "2661"]
[LiveChessVersion "1.4.8"]

1.d4 {[%clk 1:30:49]} d5 {[%clk 1:30:23]} 2.c4 {[%clk 1:31:05]}
c6 {[%clk 1:28:58]} 3.Nf3 {[%clk 1:31:27]} Nf6 {[%clk 1:29:23]}
4.Nc3 {[%clk 1:31:43]} e6 {[%clk 1:26:40]} 5.g3 {[%clk 1:32:00]}
dxc4 {[%clk 1:25:18]} 6.Bg2 {[%clk 1:32:24]} Nbd7 {[%clk 1:25:41]}
7.a4 {[%clk 1:32:37]} Bb4 {[%clk 1:18:07]} 8.O-O {[%clk 1:32:18]}
O-O {[%clk 1:17:17]} 9.Qc2 {[%clk 1:25:07]} Qe7 {[%clk 1:04:57]}
10.a5 {[%clk 1:14:17]} e5 {[%clk 0:59:27]} 11.a6 {[%clk 1:07:03]}
bxa6 {[%clk 0:58:58]} 12.Bg5 {[%clk 0:56:48]} Bb7 {[%clk 0:45:19]}
13.Ne4 {[%clk 0:55:13]} exd4 {[%clk 0:42:30]} 14.Nxd4 {[%clk 0:54:39]}
Qe5 {[%clk 0:42:06]} 15.Rfd1 {[%clk 0:45:53]} Nxe4 {[%clk 0:21:59]}
16.Bf4 {[%clk 0:45:48]} Qc5 {[%clk 0:15:10]} 17.Qxe4 {[%clk 0:23:14]}
Nf6 {[%clk 0:15:29]} 18.Qe5 {[%clk 0:23:24]} Rae8 {[%clk 0:10:58]}
19.Qxc5 {[%clk 0:22:34]} Bxc5 {[%clk 0:11:26]} 20.e3 {[%clk 0:19:07]}
Nd5 {[%clk 0:06:58]} 21.Nxc6 {[%clk 0:13:47]} Nxf4 {[%clk 0:05:39]}
22.gxf4 {[%clk 0:14:11]} Bxc6 {[%clk 0:06:04]} 23.Bxc6 {[%clk 0:14:37]}
Rb8 {[%clk 0:06:26]} 24.Rd2 {[%clk 0:14:17]} Rfd8 {[%clk 0:02:55]}
25.Rad1 {[%clk 0:09:19]} Be7 {[%clk 0:02:09]} 26.Bd5 {[%clk 0:05:53]}
Rbc8 {[%clk 0:02:33]} 27.Bb7 {[%clk 0:04:00]} Rxd2 {[%clk 0:01:31]}
28.Rxd2 {[%clk 0:04:26]} Rc7 {[%clk 0:00:55]} 29.Bxa6 {[%clk 0:04:33]}
Bf6 {[%clk 0:00:50]} 30.Kg2 {[%clk 0:02:04]} g6 {[%clk 0:01:09]}
31.e4 {[%clk 0:02:00]} c3 {[%clk 0:01:28]} 32.bxc3 {[%clk 0:02:24]}
Bxc3 {[%clk 0:01:54]} 33.Rd5 {[%clk 0:01:59]} Kg7 {[%clk 0:02:09]}
34.Kf3 {[%clk 0:02:23]} Bb4 {[%clk 0:02:29]} 35.e5 {[%clk 0:01:03]}
Bc5 {[%clk 0:02:56]} 36.Bb5 {[%clk 0:00:40]} Bb6 {[%clk 0:03:09]}
37.Rd7 {[%clk 0:01:06]} Rxd7 {[%clk 0:01:42]} 38.Bxd7 {[%clk 0:01:33]}
Kf8 {[%clk 0:02:03]} 39.f5 {[%clk 0:01:46]} Ke7 {[%clk 0:01:56]}
40.Bc8 {[%clk 0:32:02]} Bd4 {[%clk 0:31:04]} 41.Ke4 {[%clk 0:31:03]}
Bxf2 {[%clk 0:30:17]} 1/2-1/2